| 000 | 01208nam0a22002531 4500 | ||
|---|---|---|---|
| 001 | rc\4775823 | ||
| 005 | 20260407185736.0 | ||
| 021 |
_aRU _b[67-101073] |
||
| 035 | _a(NLR Aleph) 009025795 | ||
| 090 |
_a9457307 _c9457307 |
||
| 100 | _a20130417d1967 |||y0rusy50 ca | ||
| 101 | 0 | _arus | |
| 102 | _aRU | ||
| 105 | _ay z ||||| | ||
| 200 | 1 |
_aОсновные вопросы предупредительного санитарного надзора на угольных шахтах _e(Инструктивно-метод. письмо) _eУтв. 7/X 1967 г. _fМ-во здравоохранения РСФСР. Гл. сан.-эпидемиол. упр. Моск. науч.-исслед. ин-т гигиены им. Ф.Ф. Эрисмана |
|
| 210 |
_aМосква _cБ. и. _d1967 |
||
| 215 |
_a15 с. _d20 |
||
| 606 |
_aУгольные шахты _xПроектирование _xСанитарные нормы и правила _2psbo |
||
| 712 | 0 | 1 |
_aРСФСР _bГлавное санитарно-эпидемиологическое управление _3RU\NLR\AUTH\8810122227 _9742489 |
| 801 | 0 |
_aRU _bNLR _gpsbo |
|
| 801 | 1 |
_aRU _bELAR _2rusmarc |
|
| 852 |
_aNLR _j68-4/102 |
||
| 942 | _cBOOK | ||
| 980 | _aNB | ||